000 00753cab a2200241 4500
001 ABS42645
008 090401t1990 xxu||||| |||| 00| 0 eng d
035 _a(Sirsi) u38069
041 _aeng
110 _aAnthony Williams and Partners
_93
245 _aOld Mill cottages
260 _c1990
350 _a0
490 _aBuilding
_v255(7649) 25 May 1990, 49-54(6)
520 _aA Building Dossier describing the conversion of an 18th century corn mill in the Lake District into cottages. Includes details of costs.
650 _aBUILT ENVIRONMENT-BUILDING COSTS
650 _aHISTORIC BUILDINGS
650 _aHOUSING
650 _aREDUNDANT BUILDINGS
690 _aBUILDING AND CONSTRUCTION-PROJECTS
942 _n0
948 _c04/03/1997
999 _c24463
_d24463